000 00634cam a22002291 4500
001 ne 66000764
003 DLC
005 20260227111822.0
008 890607s1965 ua ac 000 0 ara
010 _ane 66000764
025 _aPL480:UAR-6951
035 _a(OCoLC)19830397
040 _aDLC
_cWaU
_dWaU
_dDLC
042 _apremarc
050 0 0 _aPJ7830.H3
_bU35
100 1 _aḤasanī, Ḥabīb Ḥusayn.
245 1 0 _aUghrūdat nahd.
_c[Taʼlīf] Ḥabīb al-Hasanī.
250 _a[al-Ṭabʻah 1.]
260 _a[al-Qāhirah]
_bMaktabat al-Khānjī
_c[1965]
300 _a159 p.
_billus., port.
_c16 cm.
500 _aPoems.
999 _c48819
_d48819